Statistics for United Kingdom Geography by Letter D - Picture Quiz

Click here to take the quiz!

General Stats

  • This quiz has been taken 316 times
    (241 since last reset)
  • The average score is 9 of 15

Answer Stats

Answer% Correct
Down
97%
White Cliffs of {Dover}
96%
10 {Downing} Street
95%
Dundee
88%
Devon
87%
Derbyshire
72%
{Dunnet} Head
66%
{Durham} Cathedral
63%
Dartmoor
59%
Offa's {Dyke}
56%
Douglas
50%
{Durdle} Door
45%
Dounreay
20%
Akrotiri and {Dhekelia}
18%
{Deva} Victrix
10%

Score Distribution

Percentile by Number Answered

Percent of People with Each Score

Your Score History

You have not taken this quiz since the last reset